[Event "Corbins Lleida Nadal op"]
[Site "Corbins"]
[Date "2023.12.29"]
[Round "6"]
[White "Rodon Balcells, Jaume"]
[Black "Bosch Carrera, Laia"]
[Result "0-1"]
[WhiteElo "1759"]
[BlackElo "1532"]
[PlyCount "74"]
[EventDate "2023.12.27"]
[EventType "swiss"]
[EventRounds "8"]
[EventCountry "ESP"]
[SourceTitle "CB02_2024"]
[SourceDate "2024.01.10"]
[SourceVersion "1"]
[SourceVersionDate "2024.01.10"]
[SourceQuality "1"]

1. e4 d6 2. d4 Nf6 3. Nc3 g6 4. Be3 Bg7 5. Be2 c6 6. Qd2 b5 7. f3 Nbd7 8. Bh6 0-0 9. Bxg7 Kxg7 10. g4 h5 11. h4 Nb6 12. 0-0-0 b4 13. Nb1 a5 14. Qg5 Ba6 15. gxh5 Nxh5 16. e5 Bxe2 17. Nxe2 e6 18. Qg4 Nd5 19. Rdg1 Rh8 20. f4 Ne3 21. Qf3 Nf5 22. Rg5 Qb6 23. Qd3 Rad8 24. c3 dxe5 25. fxe5 c5 26. Rhg1 cxd4 27. c4 Qc5 28. Nd2 Qxe5 29. Ne4 Nf4 30. Nxf4 Qxf4+ 31. Kb1 Rxh4 32. Nc5 Qe5 33. Nb3 a4 34. Nc1 Qe4 35. Ka1 Rc8 36. Qf1 Ne3 37. Qd3 Rxc4 0-1